| 000 | 00457nam a22001697a 4500 | ||
|---|---|---|---|
| 003 | NUST | ||
| 005 | 20220901170617.0 | ||
| 008 | 170928b xxu||||| |||| 00| 0 eng d | ||
| 040 | _cNUST | ||
| 082 | _a330 | ||
| 100 |
_aDar,Sundas Sharif _95110 |
||
| 245 | _aDeterminants of international capital inflows in Pakistan | ||
| 260 |
_aIslamabad _c2017 |
||
| 300 | _a46p | ||
| 856 | _uhttp://10.250.8.41:8080/xmlui/handle/123456789/3650 | ||
| 942 |
_2ddc _cTHE |
||
| 999 |
_c331475 _d331475 |
||